LEADER 04491nam 2200733Ia 450 001 9910779189803321 005 20230126202947.0 010 $a9786613001306 010 $a1-4008-3799-5 010 $a1-283-00130-6 024 7 $a10.1515/9781400837991 035 $a(CKB)2550000000099635 035 $a(EBL)664630 035 $a(OCoLC)709551200 035 $a(SSID)ssj0000654679 035 $a(PQKBManifestationID)11389746 035 $a(PQKBTitleCode)TC0000654679 035 $a(PQKBWorkID)10663323 035 $a(PQKB)10233349 035 $a(MiAaPQ)EBC664630 035 $a(MdBmJHUP)muse43128 035 $a(DE-B1597)453743 035 $a(OCoLC)979629432 035 $a(DE-B1597)9781400837991 035 $a(MiAaPQ)EBC4968533 035 $a(Au-PeEL)EBL664630 035 $a(CaPaEBR)ebr10559577 035 $a(Au-PeEL)EBL4968533 035 $a(CaONFJC)MIL300130 035 $a(iGPub)PUPB0001091 035 $a(EXLCZ)992550000000099635 100 $a20101122d2011 uy 0 101 0 $aeng 135 $aur|n|---||||| 181 $ctxt 182 $cc 183 $acr 200 10$aBlind spots$b[electronic resource] $ewhy we fail to do what's right and what to do about it /$fMax H. Bazerman, Ann E. Tenbrunsel 205 $aCourse Book 210 $aPrinceton, N.J. $cPrinceton University Press$dc2011 215 $a1 online resource (204 p.) 300 $aDescription based upon print version of record. 311 $a0-691-14750-7 311 $a0-691-15622-0 320 $aIncludes bibliographical references and index. 327 $tFrontmatter -- $tContents -- $tAcknowledgments -- $tChapter 1. The Gap between Intended and Actual Ethical Behavior -- $tChapter 2. Why Traditional Approaches to Ethics Won't Save You -- $tChapter 3. When We Act against Our Own Ethical Values -- $tChapter 4. Why You Aren't as Ethical as You Think You Are -- $tChapter 5. When We Ignore Unethical Behavior -- $tChapter 6. Placing False Hope in the "Ethical Organization" -- $tChapter 7. Why We Fail to Fix Our Corrupted Institutions -- $tChapter 8. Narrowing the Gap -- $tNotes -- $tIndex 330 $aWhen confronted with an ethical dilemma, most of us like to think we would stand up for our principles. But we are not as ethical as we think we are. In Blind Spots, leading business ethicists Max Bazerman and Ann Tenbrunsel examine the ways we overestimate our ability to do what is right and how we act unethically without meaning to. From the collapse of Enron and corruption in the tobacco industry, to sales of the defective Ford Pinto, the downfall of Bernard Madoff, and the Challenger space shuttle disaster, the authors investigate the nature of ethical failures in the business world and beyond, and illustrate how we can become more ethical, bridging the gap between who we are and who we want to be. Explaining why traditional approaches to ethics don't work, the book considers how blind spots like ethical fading--the removal of ethics from the decision--making process--have led to tragedies and scandals such as the Challenger space shuttle disaster, steroid use in Major League Baseball, the crash in the financial markets, and the energy crisis. The authors demonstrate how ethical standards shift, how we neglect to notice and act on the unethical behavior of others, and how compliance initiatives can actually promote unethical behavior. They argue that scandals will continue to emerge unless such approaches take into account the psychology of individuals faced with ethical dilemmas. Distinguishing our "should self" (the person who knows what is correct) from our "want self" (the person who ends up making decisions), the authors point out ethical sinkholes that create questionable actions. Suggesting innovative individual and group tactics for improving human judgment, Blind Spots shows us how to secure a place for ethics in our workplaces, institutions, and daily lives. 606 $aBusiness ethics 606 $aCorporate culture 606 $aDecision making$xSocial aspects 615 0$aBusiness ethics. 615 0$aCorporate culture. 615 0$aDecision making$xSocial aspects. 676 $a174/.4 686 $a08.38$2bcl 700 $aBazerman$b Max H$0323714 701 $aTenbrunsel$b Ann E$01540848 801 0$bMiAaPQ 801 1$bMiAaPQ 801 2$bMiAaPQ 906 $aBOOK 912 $a9910779189803321 996 $aBlind spots$93792725 997 $aUNINA LEADER 03353nam 2200589 450 001 9910809661903321 005 20230721012036.0 010 $a0-7391-3036-6 010 $a1-299-79565-X 035 $a(CKB)2550000001259818 035 $a(EBL)1352207 035 $a(OCoLC)876507219 035 $a(SSID)ssj0001174042 035 $a(PQKBManifestationID)12509890 035 $a(PQKBTitleCode)TC0001174042 035 $a(PQKBWorkID)11107148 035 $a(PQKB)10763480 035 $a(MiAaPQ)EBC1352207 035 $a(Au-PeEL)EBL1352207 035 $a(CaPaEBR)ebr10923915 035 $a(CaONFJC)MIL510816 035 $a(EXLCZ)992550000001259818 100 $a20140910h20082004 uy 0 101 0 $aeng 135 $aur|n|---||||| 181 $ctxt 182 $cc 183 $acr 200 00$a"One country, two systems" in crisis $eHong Kong's transformation since the handover /$fedited by Wong Yiu-chung ; contributors, Brian Bridges [and nine others] 205 $aFirst paperback edition. 210 1$aLanham, Maryland ;$aPlymouth, England :$cLexington Books,$d2008. 210 4$dİ2004 215 $a1 online resource (255 p.) 300 $aIncludes index. 311 $a0-7391-2905-8 311 $a0-7391-0492-6 327 $aTitle Page; Copyright Page; Contents; List of Tables; Acknowledgments; Introduction Wong Yiu-chung; Part I: The Principle and Its Practice; 1 ""One Country"" and ""Two Systems"": Where Is the Line? Wong Yiu-chung; Part II: Political and Legal Changes; 2 Taking Stock of ""One Country, Two Systems"" Kenneth Ka-Lok Chan; 3 The Search for the Rule of Law in the Hong Kong Special Administrative Region, 1997-2003 Anne S. Y. Cheung and Albert H. Y. Chen; Part III: State-Society Relationships; 4 The ""Right of Abode"" Issue: A Test Case of ""One Country, Two Systems"" Fung Ho-lup 327 $a5 Catholic Church Relations with the Hong Kong SAR Government: The Paradigm Shift Beatrice K. F. Leung6 Governance in Education in Hong Kong: A Decentralizing or a Centralizing Path? Anita Y: K. Poon and Wong Yiu-chung; Part IV: Hong Kong and the Outside World; 7 Business as Usual? The European Union and Hong Kong after the Handover Brian Bridges; 8 An East-West Conundrum: Hong Kong in Between China and the United States after the Chinese Resumption of Sovereignty Ting Wai; 9 Compromise on Depoliticization: Post-1997 Hong Kong-Taiwan Ties under the Cross-Straits Conflict Timothy Ka- Ying Wong 327 $aIndexAbout the Contributors 330 $a'One Country, Two Systems' in Crisis elucidates how China's intervention in Hong Kong after the British handover in 1984 has curtailed Hong Kong's civil liberties; how freedom of speech is at the mercy of the government; and how deception has turned the 'Pearl of the Orient' into the rubber stamp of the Chinese Communist Party.
607 $aHong Kong (China)$xPolitics and government$y1997- 607 $aHong Kong (China)$xHistory$yTransfer of Sovereignty from Great Britain, 1997 676 $a951.25 702 $aYiu-chung Wong 702 $aBridges$b Brian 801 0$bMiAaPQ 801 1$bMiAaPQ 801 2$bMiAaPQ 906 $aBOOK 912 $a9910809661903321 996 $a"One country, two systems" in crisis$94116910 997 $aUNINA